| 000 | 00711nam a22002057a 4500 | ||
|---|---|---|---|
| 999 |
_c9809 _d9809 |
||
| 003 | AR-CdUCM | ||
| 008 | 190328b ||||| |||| 00| 0 spa d | ||
| 040 |
_aMUNICIPALIDAD PROVINCIAL DEL CUSCO _cBIBLIOTECA MUNICIPAL DEL CUSCO |
||
| 082 |
_a869.40 / _bSU85E / 1964 |
||
| 100 |
_aSuarez, Jorge _926262 |
||
| 245 | _aElegía a un recién nacido / | ||
| 260 |
_aLa Paz : _bEdiciones Leni, _c1964. |
||
| 300 |
_a[s.n] ; _c21.5 cm. |
||
| 500 | _aDonación de la familia Nieto. Publicación del sur andino, y artesanal. | ||
| 650 |
_aPoesía boliviana - Siglo XX _926263 |
||
| 650 |
_aPoetas bolivianos _915315 |
||
| 650 |
_aSur andino - Producción literaria _926264 |
||
| 942 |
_2ddc _cLIBROS |
||
| 945 | _alccs | ||